000
00251nam a2200109Ia 4500
008
220204s9999 xx 000 0 und d
020
_a
05425778
082
_a
0582003
_b
MAN
245
0
_a
Manorama yearbook 2003
260
_a
Kottayam
_c
2003
942
_c
BK
999
_c
42100
_d
42100